000 00326nam a22001337a 4500
008 170922b xxu||||| |||| 00| 0 eng d
020 _a9780679753353
041 _aeng
080 _a902
100 _a45
101 _aARK
245 _aTHE ORDER OF THINGS AN ARCHAEOLOGY OF THE HUMAN SCIENCES
_cFOUCAULT,M
942 _2udc
_cBK
999 _c28934
_d28934